All municipalities(gemeenten) North Brabant - Statistics

General Stats
  • This quiz has been taken 105 times
  • The average score is 19 of 50
Answer Stats
Hint Place % Correct
239k Eindhoven
100%
185k Breda
94%
224k Tilburg
94%
156k 's Hertogenbosch
89%
77k Roosendaal
76%
68k Bergen op Zoom
74%
93k Helmond
71%
93k Oss
71%
49k Waalwijk
60%
56k Oosterhout
46%
82k Veghel
44%
32k Vught
44%
45k Veldhoven
43%
30k Best
42%
33k Boxtel
42%
58k Uden
42%
90k Cuijk
40%
33k Deurne
40%
44k Ettenleur
39%
40k Geldrop-Mierlo
39%
32k Oisterwijk
39%
7k Baarle-Nassau
38%
24k Nuenen
32%
31k Valkenswaard
31%
19k Eersel
29%
24k Goirle
29%
18k Son en Breugel
29%
31k Gemert-Bakel
28%
16k Heeze-Leende
28%
17k Asten
26%
19k Someren
26%
20k Budel
25%
24k Loon op Zand
25%
18k Waalre
25%
22k Zundert
25%
11k Boekel
24%
37k Moerdijk
24%
26k Dongen
22%
13k Reusel
22%
30k Sint-Michielsgestel
22%
16k Hilvarenbeek
21%
26k Rijen
21%
21k Bladel
19%
19k Oirschot
19%
10k Alphen
18%
19k Bergeijk
18%
45k Heusden
18%
23k Beek en Donk
15%
32k Heesch
15%
30k Oudenbosch
13%
No matching quizzes found
Score Distribution
Percent of People with Each Score
Percentile by Number Answered
Your Score History
You have not taken this quiz